|
|
|
|
| LEADER |
00000naa a2200000uu 4500 |
| 001 |
vtls011091495 |
| 003 |
SK-MaSNL |
| 005 |
20260302110254.0 |
| 008 |
210905|1997 xo |||||||||||||||||ger| |
| 015 |
|
|
|a SNBRA
|
| 035 |
|
|
|a (urnnbn)urn:nbn:sk:snk:ar-a0cqsz
|
| 035 |
|
|
|a (uuid)aed1735e-95a6-4b9b-b978-0d5bf94cd936
|
| 035 |
|
|
|a urn:nbn:sk:snk-aavwiv
|
| 040 |
|
|
|a SNKBUCL
|b slo
|c SNKBUCL
|e AACR2
|
| 041 |
0 |
|
|a ger
|
| 044 |
|
|
|a xo
|c SK
|
| 100 |
1 |
|
|a Durusoy, Gertrude
|4 aut
|9 786096
|
| 245 |
1 |
0 |
|a Zur Übersetzung von Lyrik ins Türkische
|c Gertrude DURUSOY
|
| 773 |
0 |
|
|t Budmerice '97
|d Praha : Jednota tlmočníkov a prekladateľov (JTP), 1997
|g S. 33-40
|z 809022086X
|
| 958 |
|
|
|a OND
|
| 958 |
|
|
|a article12
|
| 958 |
|
|
|a chapter
|
| 999 |
|
|
|c 1242539
|d 1244469
|